<?xml version="1.0" encoding="UTF-8"?><?xml-stylesheet type="text/xsl" href="static/style.xsl"?><OAI-PMH xmlns="http://www.openarchives.org/OAI/2.0/" xmlns:xsi="http://www.w3.org/2001/XMLSchema-instance" xsi:schemaLocation="http://www.openarchives.org/OAI/2.0/ http://www.openarchives.org/OAI/2.0/OAI-PMH.xsd"><responseDate>2026-04-13T07:27:40Z</responseDate><request verb="GetRecord" identifier="oai:www.recercat.cat:2072/286458" metadataPrefix="marc">https://recercat.cat/oai/request</request><GetRecord><record><header><identifier>oai:recercat.cat:2072/286458</identifier><datestamp>2024-12-11T19:11:05Z</datestamp><setSpec>com_2072_5164</setSpec><setSpec>com_2072_5163</setSpec><setSpec>col_2072_5169</setSpec></header><metadata><record xmlns="http://www.loc.gov/MARC21/slim" xmlns:dcterms="http://purl.org/dc/terms/" xmlns:xsi="http://www.w3.org/2001/XMLSchema-instance" xmlns:doc="http://www.lyncode.com/xoai" xsi:schemaLocation="http://www.loc.gov/MARC21/slim http://www.loc.gov/standards/marcxml/schema/MARC21slim.xsd">
   <leader>00925njm 22002777a 4500</leader>
   <datafield ind2=" " ind1=" " tag="042">
      <subfield code="a">dc</subfield>
   </datafield>
   <datafield ind2=" " ind1=" " tag="720">
      <subfield code="a">Cuenca Martínez, María,</subfield>
      <subfield code="e">author</subfield>
   </datafield>
   <datafield ind2=" " ind1=" " tag="260">
      <subfield code="c">2017-06-07</subfield>
   </datafield>
   <datafield ind2=" " ind1=" " tag="520">
      <subfield code="a">El propòsit en aquest treball és l’elaboració d’un pla de comunicació real per a un centre de formació de fisioteràpia amb la intenció que es dugui a terme. Per això es realitzarà una investigació profunda sobre el centre de formació i l’entorn actual per així poder elaborar una estratègia que cobreixi les necessitats de l’organització. El treball s'estructura en dues parts, la primera part té un enfocament eminentment teòric mentre que la segona se centra en l'anàlisi de l'empresa KenZen Formació. El treball en si mateix és un pla de comunicació que persegueix la consecució d'una sèrie d'objectius estratègics mitjançant la proposta d'accions reals i segmentades als objectius del target.</subfield>
   </datafield>
   <datafield ind1="8" ind2=" " tag="024">
      <subfield code="a">http://hdl.handle.net/2072/286458</subfield>
   </datafield>
   <datafield ind2="0" ind1="0" tag="245">
      <subfield code="a">Propuesta de plan de comunicación. Estudio de caso : Kenzen formación</subfield>
   </datafield>
</record></metadata></record></GetRecord></OAI-PMH>